Grieving and mourning a loved one in the time of covid-19 pandemic (Record no. 364906)
[ view plain ]
| 000 -LEADER | |
|---|---|
| fixed length control field | 00526nam a22001577a 4500 |
| 003 - CONTROL NUMBER IDENTIFIER | |
| control field | 0 |
| 005 - DATE AND TIME OF LATEST TRANSACTION | |
| control field | 20221128092428.0 |
| 008 - FIXED-LENGTH DATA ELEMENTS--GENERAL INFORMATION | |
| fixed length control field | 221128b xxu||||| |||| 00| 0 eng d |
| 050 ## - LIBRARY OF CONGRESS CALL NUMBER | |
| Classification number | BF575 |
| Item number | .P33 2022 |
| 245 ## - TITLE STATEMENT | |
| Title | Grieving and mourning a loved one in the time of covid-19 pandemic |
| Statement of responsibility, etc | Czarina Gabrielle B. Pacheco |
| 260 ## - PUBLICATION, DISTRIBUTION, ETC. (IMPRINT) | |
| Place of publication, distribution, etc | Las Pinas City, Philippines |
| Name of publisher, distributor, etc | Southville International School and Colleges |
| Date of publication, distribution, etc | C2022 |
| 300 ## - PHYSICAL DESCRIPTION | |
| Extent | viii,161pp. |
| Dimensions | 28cm. |
| Type of unit | Theses |
| 500 ## - GENERAL NOTE | |
| General note | Grieving & mourning. |
| 501 ## - WITH NOTE | |
| With note | Pandemic. |
| 942 ## - ADDED ENTRY ELEMENTS (KOHA) | |
| Source of classification or shelving scheme | Library of Congress Classification |
| Koha item type | Theses |
No items available.